01106nam a2200193Ia 4500001001000000003001000010008004100020040002500061041001300086100003100099245009700130250001200227260006700239300002800306500021500334501011400549520021500663650003400878L235-8101IT-CnALBA170116s9999||||xx |||||||||||||| ||und|| aIT-CnALBAcIT-CnALBA aITALIANO aFORNASARI D. EUGENIO, SSP. 0aLA GRANDE PROMESSA DI FATIMA. I PRIMI CINQUE SABATI IN ONORE DEL CUORE IMMACOLATO DI MARIA.  a12a ed. aCINISELLO BALSAMO (MI)bEDIZIONI PAOLINEc1971 [1° Ed.: n.d.] a204 p. (prefazione: 38) aFATIMA E LA GRANDE PROMESSA. DEVOZIONE ALLA MADONNA. ROSARIO. I CINQUE PRIMI SABATI DEL MESE. I MISTERI GAUDIOSI, DOLOROSI, GLORIOSI. CELEBRAZIONE DELLA PAROLA NEI MISTERI GAUDIOSI. PRATICHE DEVOTE DI PIETÀ.  aSocietà San Paolo EM - Piazza San Paolo, 14 - 12051 ALBA (CN) (non commercial uses only) ® Copyright 2017 aFATIMA E LA GRANDE PROMESSA. DEVOZIONE ALLA MADONNA. ROSARIO. I CINQUE PRIMI SABATI DEL MESE. I MISTERI GAUDIOSI, DOLOROSI, GLORIOSI. CELEBRAZIONE DELLA PAROLA NEI MISTERI GAUDIOSI. PRATICHE DEVOTE DI PIETÀ.  aMARIA SS. ANGELI SANTI DEMONI